000 00863nam a2200229Ia 4500
003 OSt
005 20220923220814.0
006 a|||||r|||| 00| 0
007 ta
008 220922b |||||||| |||| 00| 0 hin d
024 _a190,639
037 _cTextual
040 _aARTS
_cARTS
_bhin
041 _2hin
_ahin
082 _aR6, 152L3
100 _aलाल, अशोक कुमार
_9157821
245 0 _aभारतीय दर्शन में योग चिन्तन एक तलनात्मक अध्ययन
246 _aBhāratīya darshan mean yog chintan ek talanātmak adhyayana
260 _aभोपाल
_b मघ्य प्रदेश हिन्दी ग्रंथ अकादमी
_c1973
942 _hR6, 152L3
_cTEXL
_2CC
999 _c343414
_d343414